|
|
|
|
| LEADER |
01338nam a22003257a 4500 |
| 001 |
35243 |
| 003 |
BD-DhAAL |
| 005 |
20211129144852.0 |
| 008 |
190905t2002 nyua|||| |||| 00| 0 eng d |
| 999 |
|
|
|c 41140
|d 41140
|
| 020 |
|
|
|a 9780078247712
|
| 040 |
|
|
|a BD-DhAAL
|
| 082 |
|
|
|a 516.2
|
| 100 |
|
|
|a Leschensky, William
|9 34133
|
| 245 |
|
|
|a Glencoe pre-algebra :
|b a transition to algebra & geometry /
|c William Leschensky... [et al..].
|
| 260 |
|
|
|a New York :
|b Glencoe/McGraw-Hill,
|c ©2002.
|
| 300 |
|
|
|a xx, 843 pages :
|b color illustrations ;
|c 27 cm.
|
| 526 |
|
|
|a BIED
|
| 541 |
|
|
|a Complimentary copy from BIED
|e 35243
|
| 650 |
|
|
|a Geometry
|x Study and teaching (Secondary)
|x Textbooks.
|9 34134
|
| 650 |
|
|
|a Arithmetic
|x Study and teaching (Secondary)
|x Textbooks.
|9 34135
|
| 650 |
|
|
|a Mathematics
|x Study and teaching (Secondary)
|x Textbooks.
|9 34136
|
| 650 |
|
|
|a Geometry.
|9 34229
|
| 700 |
|
|
|a Malloy, carol
|9 34230
|
| 700 |
|
|
|a Price, Jack
|9 34231
|
| 700 |
|
|
|a Rath, Jim
|9 34232
|
| 700 |
|
|
|a Alban, Yuria
|9 34233
|
| 852 |
|
|
|a Ayesha Abed Library
|c BIED Collection
|
| 942 |
|
|
|2 ddc
|c BK
|
| 952 |
|
|
|0 0
|1 0
|2 ddc
|4 0
|6 516_200000000000000_LES
|7 0
|9 66166
|a BRACUL
|b BRACUL
|c GEN
|d 2019-09-05
|e Complimentary copy from BIED
|l 4
|m 68
|o 516.2 LES
|p 3010035243
|q 2025-10-08
|r 2024-10-27
|s 2024-10-27
|t 1
|w 2019-09-05
|y BK
|x Transferred from BIED to General Stacks
|